Holiday Quiz

Random Holiday or Carol Quiz
Score 0/109 Timer 05:00
0 Plays Today
Lyric % Correct
(Repeat)
100%
the
98.3%
the
98.3%
the
98.3%
the
98.3%
bells
95.8%
bells
95.8%
Christmas
93.7%
Christmas
93.7%
Christmas
93.7%
Christmas
93.7%
is
91.6%
is
91.6%
is
91.6%
to
90.8%
here
90.8%
To
90.8%
to
90.8%
here
90.8%
To
90.8%
cheer
88.2%
cheer
88.2%
cheer
88.2%
All
87.4%
and
87.4%
and
87.4%
All
87.4%
and
87.4%
silver
86.6%
Hark!
85.7%
Sweet
85.7%
good
84.9%
good
84.9%
good
84.9%
of
84%
of
84%
young
82.8%
Lyric % Correct
Bringing
82.4%
old
82.4%
Merry
82.4%
merry
82.4%
merry
82.4%
merry
82.4%
Merry
82.4%
merry
82.4%
merry
82.4%
merry
82.4%
Ding,
81.9%
ding,
81.9%
Ding,
81.9%
ding,
81.9%
how
81.5%
seem
81.5%
dong,
81.5%
dong
81.5%
how
81.5%
dong,
81.5%
dong.
81.5%
say,
81.1%
ring
81.1%
ring
81.1%
away.'
79.4%
cares
78.6%
'Throw
78.2%
bold
78.2%
they
78.2%
they
78.2%
they
78.2%
song
77.7%
Meek
77.3%
hear
76.5%
On,
76.5%
on
76.5%
On
76.5%
Lyric % Correct
ev'ry
74.8%
That
72.7%
sing
72.7%
their
70.2%
Oh
70.2%
their
70.2%
Their
70.2%
sound
69.7%
With
68.5%
One
68.1%
From
67.6%
ev'rywhere
67.6%
joyful
67.2%
caroling
67.2%
joyful
67.2%
seems
65.5%
songs
65.1%
Words
64.7%
air
64.7%
Filling
63.4%
people
62.2%
While
59.2%
pound,
58%
Raising
55.9%
Gaily
55%
home
55%
tale,
54.2%
Telling
53.8%
dale,
52.5%
hill
52.1%
without
52.1%
tone
52.1%
O'er
51.7%
end
50.8%
send
47.1%
Remove Ads.
Support Sporcle.
Get the best of Sporcle when you Go Orange. This ad-free experience offers more features, more stats, and more fun while also helping to support Sporcle. Thank you for becoming a member.

You're not logged in!

Compare scores with friends on all Sporcle quizzes.
OR
Log In

Show Comments

Extras

Created Dec 26, 2014ReportNominate
Tags:Carol Quiz, bell

Top Quizzes Today


Score Distribution

Your Account Isn't Verified!

In order to create a playlist on Sporcle, you need to verify the email address you used during registration. Go to your Sporcle Settings to finish the process.

Report this User

Report this user for behavior that violates our Community Guidelines.

Details: